Countries with Y in their Name - Statistics

General Stats
  • This quiz has been taken 3,245 times
    3,204 since last reset
  • The average score is 12 of 20
Answer Stats
Continent Country % Correct
Asia Yemen
88%
South America Paraguay
80%
South America Uruguay
78%
Europe Germany
70%
Europe Italy
68%
South America Guyana
66%
Europe Norway
64%
Europe Hungary
63%
Asia Turkey
63%
Asia Malaysia
62%
Africa Libya
60%
Asia Syria
59%
Africa Egypt
57%
Asia Myanmar
57%
Asia Kyrgyzstan
56%
Asia Cyprus
54%
Africa Kenya
54%
Africa Seychelles
49%
Europe Vatican City (Holy See)
46%
Africa Ivory Coast (Côte d'Ivoire)
41%
No matching quizzes found
Score Distribution
Percent of People with Each Score
Percentile by Number Answered
Your Score History
You have not taken this quiz since the last reset